Edmonton Oilers head coaches (NHL) - Statistics

General Stats
  • This quiz has been taken 207 times
    65 since last reset
  • The average score is 10 of 20
Answer Stats
Hint Answer % Correct
2023-present Kris Knoblauch
85%
2022-2023 Jay Woodcroft
83%
2000-2009 Craig MacTavish
68%
1979-1980 Glen Sather
68%
1980-1989 Glen Sather
68%
1994 Glen Sather
68%
2015-2018 Todd McLellan
64%
2013-2014 Dallas Eakins
57%
2019-2022 Dave Tippett
57%
2018-2019 Ken Hitchcock
57%
1994-1999 Ron Low
49%
2009-2010 Pat Quinn
47%
1989-1991 John Muckler
43%
1999-2000 Kevin Lowe
38%
2013 Ralph Krueger
32%
2010-2012 Tom Renney
28%
1991-1994 Ted Green
26%
2014-2015 Todd Nelson
17%
1994 George Burnett
13%
1980 Bryan Watson
11%
No matching quizzes found
Score Distribution
Percent of People with Each Score
Percentile by Number Answered
Your Score History
You have not taken this quiz since the last reset